000 00487nam a2200181Ia 4500
001 46777
008 140429s9999 xx 000 0 und d
020 _aNA
040 _cPK-LaUMT
082 _aRHC 297.07
_bHUS-Q
100 _aHusam Allah Sharifi, Muhammad
245 _aQuran ka tasavvar-e-taleem (Urdu)
_cHusam Allah Sharifi, Muhammad
260 _aLahore,Pakistan:
_bIdarah-e-Faroogh--Islam,
_cNA
300 _a240 p.
546 _aUR
650 _aIslam-Education
942 _cBK
999 _c44726
_d44726